| 000 | 00533nam a22001697a 4500 | ||
|---|---|---|---|
| 003 | NUST | ||
| 038 | _aAsad | ||
| 082 | _a200 THE | ||
| 100 |
_aBilal Maqbool _931402 |
||
| 245 | _aTH-SOF-1593-A Novel Framework to Generate Business Process Model and Notation (BPMN) Models for Real-time Systems from Plain Text Requirements | ||
| 260 |
_aISLAMABAD; _bNUST COLLEGE OF EME, _c2018 |
||
| 300 |
_a143P _bcd |
||
| 563 | _aHB | ||
| 650 |
_a MS-CSE-16, MSTHESIS _969361 |
||
| 700 |
_aAdvisor Dr. Farooque Azam _969362 |
||
| 942 |
_cCF _2ddc |
||
| 999 |
_c576686 _d576686 |
||